000 01011nam a2200253 a 4500
001 000008190
005 20200929154457.0
008 760507s1945 ag 000 0 spa
040 _aDO-SdBNP
_bspa
_cBNPHU
041 1 7 _aspa
_hfre
082 _a843.8
_bD238t
100 1 _aDaudet, Alphonse,
_d1840-1897.
_913777
240 1 0 _aTartarin de tarascon. Tartarin sur les alpes. Port-Tarascon.
_lEspañol
245 1 0 _aTartarín de tarascón :
_bTartarín en los alpes. Post-tarascón /
_cAlphonse Daudet; traducción, Eusebio de Gorbea.
260 _aBuenos Aires :
_bEmecé,
_c1945.
300 _a142 p. ;
_c18 cm.
490 1 _aBiblioteca Emecé :
490 1 _aDe obras universales. Sección ;
_vno. 5
534 _aTítulo de la obra original:
_tTartarin de tarascon. Tartarin sur les alpes. Port-Tarascon
650 4 _aNovela francesa
_91075
650 4 _aLiteratura francesa
_91074
700 1 _aGorbea, Eusebio de,
_etr.
_922228
830 0 _aBiblioteca Emecé :
_pDe obras universales. Sección ;
_vno. 5
_922229
999 _c7965
_d7965